00512nam a2200181Ia 4500008004100000020001800041082000800059100002800067245002400095250000600119260003400125300001000159500002400169650002300193942000700216952009000223999001700313230524s9999 xx 000 0 und d a9780143425779 bNEH aJawaharlal Nehur941734 0aLatter for a Nation a1 aNew DelhibPenguin Bookc2015 a334p; aQuantity Number: 1 aMisalliance941735 cBK 00104070aTATCLbTATCLcGENd2023-05-24l0o NEHp53421r2023-05-24w2023-05-24yBK c56190d56190